Príprava a aplikácia lignínu na čiastočnú alebo úplnú náhradu lepidla na báze polyvinylacetátu diplomová práca

Na minha lista:
Detalhes bibliográficos
Autor principal: Lisý, Anton
Formato: Livro
Idioma:eslovaco
Publicado em: Bratislava STU FCHPT 2018
Acesso em linha:View in OPAC
Tags: Adicionar Tag
Sem tags, seja o primeiro a adicionar uma tag!

MARC

LEADER 00000nam a2200000 a 4500
005 20260127134046.0
008 180817 2018 xo a 001 0 slo d
035 |a vtls011773112 
039 9 |y 201808171108  |z mschk03 
040 |a STUSCHK1  |b slo  |c STUSCHK1  |e AACR2 
100 1 |a Lisý, Anton 
245 1 |a Príprava a aplikácia lignínu na čiastočnú alebo úplnú náhradu lepidla na báze polyvinylacetátu  |b diplomová práca  |c Anton Lisý 
260 |a Bratislava  |b STU FCHPT  |c 2018 
300 |a 83 s.  |b il.  |c 25 cm 
500 |a Študijný program: prírodné a syntetické polyméry 
500 |a Študijný odbor: chemické technológie 
500 |a Školiace pracovisko: Odd. dreva, celulózy a papiera 
500 |a Evid. číslo: FCHPT-13576-61256 
910 |a SCHK95 
999 |c 3109  |d 3109